000 00724nam a2200277Ia 4500
005 20260320195738.0
008 008 262003s9999 xx 000 0 hin d
020 _a9788119159017
037 _aEBOOK
040 _aCRL
040 _bhin
040 _cCRL
041 _2hin
041 _ahin
084 _qCRL
100 _aभालचंद्र नेमाड़े, अनु. रंगनाथ तिवारी
_91132955
245 0 _aहूल
250 _a1st
260 _bRajkamal
260 _c2023
300 _a240
856 _uhttps://ebook.indiaread.in/pdfs/Hool_By_Bhalchandra_Nemade_Trans._Rangnath_Tiwari.pdf
942 _cEBOOK
999 _c1716269
_d1716269